000 00436nam a2200169 4500
001 132361
003 ES-MaACL
005 20260601155228.0
007 t|
008 070214s1928 fr r ||||1| fre d
100 1 _aRolland, Romain,
_d1866-1944
_9239240
245 1 4 _aLes leonides /
_cRomain Rolland.
260 _aParis :
_bPaul Dupont,
_c1928.
300 _a252 p. ;
_c19 cm.
852 _aES-MaACL
_jB-6464
999 _c132361
_d132361